|
|
|
|
| LEADER |
00000nam a2200000 a 4500 |
| 001 |
vtls001409656 |
| 003 |
SK-MaSNL |
| 005 |
20260302020327.0 |
| 008 |
130607s2000 xo 0 slo |
| 015 |
|
|
|a SNBJ2001/02-00836
|
| 035 |
|
|
|a SNK000364344
|
| 040 |
|
|
|a SNK
|b slo
|c SNK
|e AACR2
|
| 044 |
|
|
|a xo
|c SK
|
| 080 |
|
|
|a 783.6:785.1(086.7)
|2 1981
|
| 245 |
1 |
|
|a Mimicry. Obrázky
|h zvukový dokument
|
| 260 |
|
|
|a Bratislava
|b LUX media
|c 2000
|
| 300 |
|
|
|a 1 kompaktná platňa (39 min. 16 sek.)
|b stereo
|
| 500 |
|
|
|a Dizajn Zuzka Hyravá
|
| 505 |
0 |
|
|a Obsahuje 14 piesní
|
| 511 |
|
|
|a Účinkuje hudobná skupina Mimicry
|
| 511 |
|
|
|a Spoluúčinkujú Stanko Kociov, Ďuro Šušaník, Viktor Hidvéghy, Maťo Gašpar, Maroš Kachút, Stano Synek, Vlado Marázko, Miro Tásler, Martin Michelčík, Ondro Tkáč, Marcel Buntaj
|
| 650 |
0 |
7 |
|a vokálno-inštrumentálna hudba
|x piesne duchovné
|x platne kompaktné
|2 SNK
|9 349687
|
| 650 |
0 |
7 |
|a piesne duchovné
|x platne kompaktné
|2 SNK
|9 349688
|
| 655 |
|
7 |
|a kompaktné platne
|2 SNK
|9 70690
|
| 700 |
1 |
|
|a Kociov, Stanislav
|4 uci
|9 637223
|
| 700 |
1 |
|
|a Šušaník, Juraj
|4 uci
|9 480822
|
| 700 |
1 |
|
|a Hidvéghy, Viktor,
|d 1939-
|4 uci
|9 251071
|
| 700 |
1 |
|
|a Gašpar, Matej
|4 uci
|9 637224
|
| 700 |
1 |
|
|a Kachút, Maroš
|4 uci
|9 390619
|
| 700 |
1 |
|
|a Synek, Stanislav
|4 uci
|9 637225
|
| 700 |
1 |
|
|a Marázko, Vlado
|4 uci
|9 637226
|
| 700 |
1 |
|
|a Tásler, Miro,
|d 1976-
|4 uci
|9 16612
|
| 700 |
1 |
|
|a Michelčík, Martin
|4 uci
|9 495441
|
| 700 |
1 |
|
|a Tkáč, Ondrej
|4 uci
|9 349690
|
| 700 |
1 |
|
|a Buntaj, Marcel,
|d 1974-
|4 uci
|9 119823
|
| 700 |
1 |
|
|a Hyravá, Zuzana
|4 gup
|9 637227
|
| 710 |
2 |
|
|a Mimicry (hudobná skupina)
|4 uci
|9 35917
|
| 999 |
|
|
|c 1024686
|d 1026616
|
| 952 |
|
|
|t P60, <03>, [BOOK], {603}
|a SNK
|b SNK
|y PREZ
|7 0
|p 17A0292882
|o snkSCD 1112
|i snkJK 256/2001
|0 0
|1 0
|4 0
|d 2001-03-19
|l 0
|r 2005-01-02 00:00:00
|w 2026-02-24
|